| 000 | 00575nam a2200169 i 4500 | ||
|---|---|---|---|
| 001 | 22638 | ||
| 003 | ES-MaACL | ||
| 005 | 20250828063238.0 | ||
| 007 | t| | ||
| 008 | 021204s1879 mx ||||1| spa d | ||
| 100 | 1 |
_aAltamirano, Ignacio Manuel, _d1834-1893 _920518 |
|
| 245 | 1 | 0 |
_aDiscurso pronunciado por Igancio Manuel Altamirano _b: en honor del Sr. Thiers la noche del 24 de octubre de 1877. |
| 260 |
_aMéxico : _b[s.n., _c1879] ( _fImp. de Francisco Díaz de León) |
||
| 300 |
_a13 p. ; _c23 cm. |
||
| 852 |
_aES-MaACL _jFol-Laf-308 |
||
| 999 |
_c22638 _d22638 |
||